[Event "Udaipur Lakecity op 3rd"]
[Site "Udaipur"]
[Date "2019.03.31"]
[Round "8"]
[White "Dhruv, Dak"]
[Black "Himanshu, Ranjan"]
[Result "1-0"]
[WhiteElo "1684"]
[BlackElo "1984"]
[PlyCount "63"]
[EventDate "2019.03.28"]
[EventType "swiss"]
[EventRounds "8"]
[EventCountry "IND"]
[SourceTitle "CBM 189 Extra"]
[Source "ChessBase"]
[SourceDate "2019.06.03"]
[SourceVersion "1"]
[SourceVersionDate "2019.06.03"]
[SourceQuality "1"]

1. Nf3 d5 2. g3 Nf6 3. Bg2 c6 4. 0-0 Bg4 5. Ne5 Bh5 6. d4 e6 7. c4 Nbd7 8. f4 Be7 9. cxd5 cxd5 10. Nc3 0-0 11. Qb3 Rb8 12. h3 Nxe5 13. dxe5 Nd7 14. g4 Bg6 15. f5 exf5 16. gxf5 Bh5 17. Bf4 d4 18. Nd5 Bxe2 19. f6 Bc5 20. Qg3 g6 21. b4 Nb6 22. Qg5 Kh8 23. Ne7 Bxb4 24. e6 Bc4 25. Nxg6+ fxg6 26. Be5 Rf7 27. exf7 Bxf7 28. Bxb8 Qxb8 29. Rad1 Qd8 30. Rf4 Bc3 31. Qh6 Qg8 32. Rfxd4 1-0